[Event "Berliner Sommer 13th"]
[Site "Berlin"]
[Date "1995.??.??"]
[Round "1"]
[White "Grabliauskas, Virginijus"]
[Black "Meiss, C."]
[Result "1-0"]
[WhiteElo "2395"]
[BlackElo "1945"]
[PlyCount "53"]
[EventDate "1995.08.??"]
[EventType "swiss"]
[EventRounds "9"]
[EventCountry "GER"]
[SourceTitle "CBM 047 Extra"]
[Source "ChessBase"]
[SourceDate "1995.09.01"]
[SourceVersion "1"]
[SourceVersionDate "1995.09.01"]
[SourceQuality "1"]

1. d4 Nf6 2. c4 g6 3. Nc3 d6 4. e4 Bg7 5. Nf3 0-0 6. Be2 Nbd7 7. 0-0 e5 8. Qc2 c6 9. Rd1 Qc7 10. Rb1 a5 11. b3 Re8 12. a3 b6 13. b4 Ba6 14. h3 Rac8 15. dxe5 dxe5 16. Be3 axb4 17. axb4 Bf8 18. Qb3 c5 19. b5 Bb7 20. Nd2 Bg7 21. Nd5 Nxd5 22. cxd5 Nf6 23. Nc4 Nxe4 24. d6 Qd7 25. Nxb6 Qd8 26. Nxc8 Bxc8 27. Bc4 1-0